000 00478nam a2200169Ia 4500
008 090711s9999 xx 000 0 und d
082 _b12479
100 _aनाईक जयप्रकाश
245 _aअपत्यसुख
260 _c1937
300 _a74
600 _aनाईक जयप्रकाश
630 _aअपत्यसुख
700 _aनाईक जयप्रकाश
730 _aअपत्यसुख
942 _cBOOK
999 _c312061
_d312061